[Event "Wuerttemberg-ch KT"]
[Site "Stuttgart"]
[Date "2015.08.30"]
[Round "2"]
[White "Lenz, Reiner"]
[Black "Toelg, Wolfgang"]
[Result "1/2-1/2"]
[WhiteElo "1855"]
[BlackElo "1691"]
[PlyCount "54"]
[EventDate "2015.08.29"]
[EventType "swiss"]
[EventRounds "9"]
[EventCountry "GER"]
[SourceTitle "EXT 2017"]
[Source "ChessBase"]
[SourceDate "2016.10.25"]
[SourceVersion "1"]
[SourceVersionDate "2016.10.25"]
[SourceQuality "1"]

1. Nf3 d5 2. b3 c5 3. Bb2 Nc6 4. e3 Bg4 5. d4 Nf6 6. a3 Qd6 7. Be2 e6 8. 0-0 Be7 9. Nbd2 0-0 10. h3 Bh5 11. Ne5 Bg6 12. Nxg6 hxg6 13. Nf3 Ne4 14. c4 cxd4 15. exd4 f5 16. c5 Qc7 17. b4 a6 18. Qd3 Kf7 19. Nd2 Rh8 20. Nxe4 dxe4 21. Qb3 Bf6 22. Bc4 Nxd4 23. Bxd4 Bxd4 24. Bxe6+ Kf6 25. Rad1 Rad8 26. Bd5 Be5 27. Rd2 Bf4 1/2-1/2

[Event "Wuerttemberg-ch KT"]
[Site "Gruenbach"]
[Date "2014.09.07"]
[Round "9"]
[White "Mayer, Josef1"]
[Black "Lenz, Reiner"]
[Result "1/2-1/2"]
[WhiteElo "1667"]
[BlackElo "2068"]
[PlyCount "49"]
[EventDate "2014.08.30"]
[EventType "swiss"]
[EventRounds "9"]
[EventCountry "GER"]
[SourceTitle "EXT 2017"]
[Source "ChessBase"]
[SourceDate "2016.10.25"]
[SourceVersion "1"]
[SourceVersionDate "2016.10.25"]
[SourceQuality "1"]

1. d4 f5 2. g3 g6 3. Bg2 Bg7 4. Nf3 Nf6 5. 0-0 0-0 6. b4 c6 7. Bb2 Na6 8. a3 Nc7 9. c4 d6 10. Nbd2 h6 11. Qc2 Be6 12. Nh4 Qe8 13. Rfe1 Qf7 14. e4 fxe4 15. Nxe4 g5 16. Nxf6+ Qxf6 17. Nf3 Bg4 18. Re3 Rf7 19. h3 Qf5 20. Qe2 Bxh3 21. Rxe7 Bxg2 22. Kxg2 Raf8 23. Rxf7 Rxf7 24. Re1 Ne6 25. Qe4 1/2-1/2

[Event "Wuerttemberg-ch KT"]
[Site "Gruenbach"]
[Date "2014.09.04"]
[Round "6"]
[White "Toelg, Wolfgang"]
[Black "Lenz, Reiner"]
[Result "1-0"]
[WhiteElo "1768"]
[BlackElo "2068"]
[PlyCount "85"]
[EventDate "2014.08.30"]
[EventType "swiss"]
[EventRounds "9"]
[EventCountry "GER"]
[SourceTitle "EXT 2017"]
[Source "ChessBase"]
[SourceDate "2016.10.25"]
[SourceVersion "1"]
[SourceVersionDate "2016.10.25"]
[SourceQuality "1"]

1. e4 c5 2. Nf3 Nc6 3. d4 cxd4 4. Nxd4 g6 5. Nc3 Bg7 6. Be3 d6 7. Be2 Nf6 8. 0-0 Bd7 9. Qd2 Ng4 10. Bxg4 Bxg4 11. Nxc6 bxc6 12. f3 Bd7 13. Rad1 Qa5 14. Bd4 Bxd4+ 15. Qxd4 Qb6 16. Kh1 Qxd4 17. Rxd4 f5 18. Re1 Kf7 19. b3 fxe4 20. Nxe4 h6 21. c4 c5 22. Nxc5 Bc6 23. Rf4+ Ke8 24. Ne6 g5 25. Rd4 Kf7 26. Rd3 a5 27. Rde3 Ra7 28. Nd4 Rc8 29. Nf5 a4 30. Nxh6+ Kf8 31. Re6 Kg7 32. Nf5+ Kf7 33. Nd4 axb3 34. axb3 Be8 35. Nf5 Bc6 36. Kg1 d5 37. Nxe7 Re8 38. Rxc6 Raxe7 39. Rxe7+ Rxe7 40. cxd5 Rb7 41. Rc3 Ke7 42. Kf2 Kd6 43. Rd3 1-0

[Event "Wuerttemberg-ch KT"]
[Site "Gruenbach"]
[Date "2014.08.31"]
[Round "2"]
[White "Maj, Kornel"]
[Black "Lenz, Reiner"]
[Result "1/2-1/2"]
[WhiteElo "1907"]
[BlackElo "2068"]
[PlyCount "70"]
[EventDate "2014.08.30"]
[EventType "swiss"]
[EventRounds "9"]
[EventCountry "GER"]
[SourceTitle "EXT 2017"]
[Source "ChessBase"]
[SourceDate "2016.10.25"]
[SourceVersion "1"]
[SourceVersionDate "2016.10.25"]
[SourceQuality "1"]

1. e4 c5 2. c3 Nc6 3. d4 e6 4. Nf3 d5 5. e5 Qa5 6. Nbd2 Qc7 7. a3 Nge7 8. Bd3 Ng6 9. 0-0 Be7 10. b4 c4 11. Bc2 Bd7 12. a4 a6 13. Ne1 f5 14. f4 0-0-0 15. Ndf3 Rdg8 16. g3 h6 17. Rf2 Nf8 18. Bb1 g5 19. Rb2 g4 20. Nd2 h5 21. b5 Na5 22. bxa6 bxa6 23. Bc2 Kd8 24. Rbb1 h4 25. Ba3 Bxa3 26. Rxa3 hxg3 27. hxg3 Rh3 28. Nf1 Bc8 29. Qc1 Qh7 30. Ng2 Rh8 31. Kf2 Rh1 32. Raa1 Qc7 33. Qa3 R1h6 34. Rb2 Nd7 35. Rbb1 Ke8 1/2-1/2